Alle origini del diritto europeo: ius commune, droit commun, common law, nella dottrina giuridica della prima età moderna

Saved in:
Bibliographic Details
Main Author: Caravale, Mario (Author)
Format: Book
Language:Italian
English
Published: Bolonia Monduzzi 2005
Edition:1a. ed
Series:Archivio per la Storia del Diritto Medioevale e Moderno, 9
Subjects:
Tags: Add Tag
No Tags, Be the first to tag this record!

MARC

LEADER 00000nam a2200000 a 4500
001 UCK9294
003 CL-VaPUC
008 060428e20050000IT |||||||||||||||||ita|d
020 |a 8832360047 
041 0 7 |a ita  |2 CL-VaPUC 
041 0 7 |a eng  |2 CL-VaPUC 
082 0 4 |a 340.55  |b CAR  |2 21 
100 0 |a Caravale, Mario  |e author  |9 499016 
245 1 0 |a Alle origini del diritto europeo: ius commune, droit commun, common law, nella dottrina giuridica della prima età moderna 
250 |a 1a. ed 
300 |a 254 p 
942 |c BK 
945 |d 20060428 00:00:00  |a cmena 
260 |a Bolonia  |b Monduzzi  |c 2005 
650 0 |a Derecho europeo  |9 391498 
650 0 |a Historia del derecho  |9 255109 
650 0 |a Derecho común  |9 376758 
650 0 |a Fuentes del derecho   |9 255162 
650 0 |a Derecho romano  |9 255930 
583 |a last modification  |c 20060428 00:00:00  |k Rodrigo Vera 
490 0 |a Archivio per la Storia del Diritto Medioevale e Moderno, 9 
999 |c 316521  |d 316519 
952 |0 0  |1 0  |4 0  |6 340_550000000000000_CAR_2005  |7 0  |8 X  |9 390959  |a BIBDER  |b BIBDER  |d 2019-11-22  |i 4216539  |o 340.55 CAR 2005  |p 4216539  |r 2019-11-22  |w 2019-11-22  |y BK_X  |k DER